| 000 -ლიდერი |
| ფიქსირებული სიგრძის საკონტროლო ველი |
01826nam a2200241Ia 4500 |
| 001 - საკონტროლო ნომერი |
| საკონტროლო ველი |
22553 |
| 003 - საკონტროლო ნომრის იდენტიფიკატორი |
| საკონტროლო ველი |
GE_BSU |
| 005 - ბოლო ოპერაციის თარიღი და დრო |
| საკონტროლო ველი |
20220920171141.0 |
| 008 - ფიქსირებული სიგრძის მონაცემთა ელემენტები - ზოგადი ინფორმაცია |
| ფიქსირებული სიგრძის საკონტროლო ველი |
181216s2008||||ge |||||||||||||| ||geo|| |
| 040 ## - კატალოგიზაციის წყარო |
| Transcribing agency |
GE_BSU |
| 041 ## - ენის კოდი |
| Language code of text/sound track or separate title |
geo |
| 080 ## - უნივერსალური ათობითი კლასიფიკაციის ინდექსი |
| Universal Decimal Classification number |
93 დ-43 |
| 100 ## - მთავარი ჩანაწერი - პიროვნების სახელი |
| Personal name |
დიასამიძე, ხათუნა |
| 9 (RLIN) |
5241 |
| 245 ## - ცნობა სათაურის შესახებ |
| Title |
საბჭოთა კავშირის საგარეო პოლიტიკა მეორე მსოფლიო ომის წინ. (1938 წლის სექტემბერი-1939 წლის აგვისტო) : დისერტაცია / |
| Statement of responsibility, etc |
ხათუნა დიასამიძე; სამეცნიერო ხელმძღვანელი მ. ვაჩნაძე; ბათუმის შოთა რუსთაველის სახელმწიფო უნივერსიტეტი. ჰუმანიტარულ მეცნიერებათა ფაკულტეტი. |
| 264 ## - წარმოების, გამოცემის, დისტრიბუციის და სხვა ცნობები |
| გამოცემის, წარმოების, დისტრიბუციის... ადგილი |
ბათუმი, |
| გამოცემის, წარმოების, დისტრიბუციის... თარიღი |
2008. |
| 300 ## - ფიზიკური აღწერა |
| Extent |
146 გვ., |
| Other physical details |
30 სმ. |
| 653 ## - INDEX TERM--UNCONTROLLED |
| Uncontrolled term |
ისტორია |
| 653 ## - INDEX TERM--UNCONTROLLED |
| Uncontrolled term |
საბჭოთა კავშირის საგარეო პოლიტიკა მეორე მსოფლიო ომის წინ. (1938 წლის სექტემბერი-1939 წლის აგვისტო) |
| 653 ## - INDEX TERM--UNCONTROLLED |
| Uncontrolled term |
დისერტაცია |
| 700 ## - ADDED ENTRY--PERSONAL NAME |
| Personal name |
ვაჩნაძე, მ. |
| Relator term |
სამეცნიერო ხელმძღვანელი |
| 9 (RLIN) |
10464 |
| 710 ## - ADDED ENTRY--CORPORATE NAME |
| Corporate name or jurisdiction name as entry element |
ბათუმის შოთა რუსთაველის სახელმწიფო უნივერსიტეტი. |
| Subordinate unit |
ჰუმანიტარულ მეცნიერებათა ფაკულტეტი |
| 9 (RLIN) |
11847 |
| 942 ## - ADDED ENTRY ELEMENTS (KOHA) |
| Koha item type |
წიგნი |
| Source of classification or shelving scheme |
|